livelihood in oudomsorya commune, tramkok district, takeo province(កម្រិតជីវភាពរស់នៅរបស់ប្រជាពលរដ្ឋ នៅឃុំឧត្តមសូរិយា ស្រុកត្រាំកក់ ខេត្តតាកែវ) (Record no. 5127)

000 -LEADER
fixed length control field 00649nam a22001577a 4500
003 - CONTROL NUMBER IDENTIFIER
control field OSt
005 - DATE AND TIME OF LATEST TRANSACTION
control field 20151224104228.0
008 - FIXED-LENGTH DATA ELEMENTS--GENERAL INFORMATION
fixed length control field 151224b xxu||||| |||| 00| 0 eng d
040 ## - CATALOGING SOURCE
Transcribing agency RUA
082 ## - DEWEY DECIMAL CLASSIFICATION NUMBER
Classification number AED KHO 2012 B261 Or.1
100 ## - MAIN ENTRY--PERSONAL NAME
9 (RLIN) 5509
Personal name KHOV, TECHKIM.
245 ## - TITLE STATEMENT
Title livelihood in oudomsorya commune, tramkok district, takeo province(កម្រិតជីវភាពរស់នៅរបស់ប្រជាពលរដ្ឋ នៅឃុំឧត្តមសូរិយា ស្រុកត្រាំកក់ ខេត្តតាកែវ)
260 ## - PUBLICATION, DISTRIBUTION, ETC. (IMPRINT)
Place of publication, distribution, etc. Phnom Penh
Name of publisher, distributor, etc. RUA
Date of publication, distribution, etc. 2012
300 ## - PHYSICAL DESCRIPTION
Extent xi, 40p.
Other physical details ill.
Dimensions 29cm.
942 ## - ADDED ENTRY ELEMENTS (KOHA)
Source of classification or shelving scheme
Koha item type AED
Holdings
Price effective from Date last seen Permanent Location Not for loan Date acquired Source of classification or shelving scheme Koha item type Lost status Withdrawn status Total Renewals Date last checked out Total Checkouts Shelving location Damaged status Barcode Current Location Full call number
2015-12-242016-05-16Library Block B 2015-12-24 AED  12016-04-042B261 RUA032308Library Block BAED KHO 2012 B261 Or.1
2015-12-242015-12-24Library Block B 2015-12-24 AED     B261 RUA032251Library Block BAED KHO 2012 B261 Or.2
2015-12-242016-12-13Library Block B 2015-12-24 AED   2016-12-124B261 RUA030018Library Block BAED KHO 2012 B261 Or.3
2015-12-242017-02-18Library Block B 2015-12-24 AED   2017-02-012B261 RUA030135Library Block BAED KHO 2012 B261 Or.4
2016-02-012016-02-01Library Block B 2016-02-01 AED       RUA050493Library Block BAED KHO 2012 B261 Or.5
មជ្ឈមណ្ឌលឯការនៃសាកលវិទ្យាល័យភូមិន្ទកសិកម្មចំការដូង

Powered by Koha